00342nam a2200121Ia 4500008004100000040001700041041001200058082001600070100002300086245005900109260004100168300001100209230917s9999||||xx |||||||||||||| ||und|| e194823aMAIN aEnglish a301.045 O8U aOuthwaite, William 0aUnderstanding social life: The method called Verstehen aLondonbGeorge Allen and Unwinc1975 a127 p.